Statistics for Continents by highest and lowest elevation

Click here to take the quiz!

General Stats

  • This quiz has been taken 288 times
    (287 since last reset)
  • The average score is 5 of 18

Answer Stats

MetersContinent% Correct
8488Asia
97%
6960South America
72%
6194North America
62%
5895Africa
50%
5642Europe
47%
5040Australia
35%
-417Asia
28%
-156Africa
20%
-105South America
14%
9267Asia
11%
-86North America
11%
-28Europe
10%
-12Australia
9%
6280North America
5%
7065South America
5%
6051Africa
3%
5052Australia
3%
5670Europe
2%

Score Distribution

Percentile by Number Answered

Percent of People with Each Score

Your Score History

You have not taken this quiz since the last reset